| 000 | 00549nam a2200205 a 4500 | ||
|---|---|---|---|
| 005 | 20231014063803.0 | ||
| 008 | 030307s2000 mx r 000 0 spa d | ||
| 020 | _a8482394762 | ||
| 035 | _aUPN01000122649 | ||
| 049 | _aCG | ||
| 050 | 4 |
_aHV5809.5 _bG6.7 |
|
| 100 | 1 | _aGoñi Zubieta, Carlos | |
| 245 | 1 | 0 |
_aSueños de diseño / _cCarlos Goñi Zubieta. |
| 260 |
_aMadrid : _bPalabra, _c2000. |
||
| 300 | _a157 p. | ||
| 440 | 0 | _aLibros mc | |
| 650 | 2 |
_aDrogadicción _95914 |
|
| 650 | 4 |
_aLITERATURA ESPAÑOLA - _ySIGLO XXI _915230 |
|
| 905 | _aLibro | ||
| 999 |
_c94834 _d94834 |
||